Responses for Show #1370 - Friday, July 13, 1990

1990 Seniors Tournament quarterfinal game 5.

Contestants

[<< previous game]

Bernard Kiernan, a college professor from Middleton, West Virginia

Hank D'Angelo, a retired Army officer originally from Brooklyn, New York

Louise Clemens, a retired registered nurse originally from Connecticut

[next game >>]

Jeopardy! Round responses

IN THE NEWS
MOVIE TRIVIA
THE WHITE HOUSE
NORTH AMERICA
SIGNS & SYMBOLS
BOB HOPE
    $100 24
the Ceausescus

Hank
    $100 1
Gone with the Wind

Hank
    $100 15
oval

Hank
    $100 20
the weasel

Hank
    $100 21
1990

Hank
    $100 10
World War II

Bernard
    $200 25
the 747

Hank
    $200 6
Star Wars

Bernard
    $200 16
the East Room

Hank
    $200 2
Mexico City

Bernard
    $200 22
New Moon

Triple Stumper
    $200 11
"Thanks For The Memory"

Louise
    $300 26
Revlon

Triple Stumper
    $300 7
Bela Lugosi

Louise
    $300 17
get married

Louise
    $300 3
Chicago

Hank
    $300 23
an asterisk

Bernard
    $300 12
boxing

Louise
    $400 29
the Hapsburgs

Louise
    $400 8
Blackboard Jungle

Louise
    $400 18
the Lincoln Room

Hank
    $400 4
the Snake

Bernard
    $400 27
triangle

Louise
    $400 13
Russia

Triple Stumper
    $500 30
Alaska

Hank
    $500 9
To Have and Have Not

Louise
    $500 19
the Federal Style

Triple Stumper
    $500 5
(Louise: What is Baltimore?)

Denver, Colorado

Louise
Triple Stumper
    $500 28
c

Bernard
    $500 14
Colgate

Louise

Scores at the first commercial break (after clue 12):

Louise Hank Bernard
$1,200 $400 $900

Scores at the end of the Jeopardy! Round:

Louise Hank Bernard
$2,800 $2,100 $1,700

Double Jeopardy! Round responses

AUTHORS
NEW ORLEANS
THE PLANETS
WORLD HISTORY
LATIN PHRASES
ODDS & ENDS
    $200 2
Edith

Hank
    $200 19
the Mississippi River

Bernard
    $200 20
Jupiter

Hank
    $200 1
(Bernard: Who are the Vandals?)

the Huns

LouiseBernard
    $200 12
Hail Mary

Hank
    $200 30
bullfighting

Bernard
    $400 6
James Clavell

Bernard
    $400 26
the New Orleans Saints

Bernard
    $400 21
Mars

Bernard
    $400 4
the U.S.A.

Hank
    $400 3
modus operandi

Bernard
    $400 13
San Francisco

Hank
    $600 16
Edna Ferber

Hank
    $600 27
(Louise: What is Great Britain?)

Spain

LouiseHank
    $600 22
Venus

Bernard
    $600 7
radar

Bernard
    $600 5
"I came, I saw, I conquered"

Louise
    $600 14
love

Hank
    $800 17
Virginia Woolf

Louise
    $800 28
Tulane

Bernard
    $800 23
(Bernard: What is Jupiter?)

Saturn

Bernard
Triple Stumper
    $2,000 8
Louis XVIII

Bernard
    $2,000 10
"Voice of the people, voice of God"

Hank
    $800 15
(Bernard: What are bars of soap?)
(Alex: Be more specific.)
(Bernard: What are [*]?)

bars of Ivory soap

Bernard
    $1000 18
Taylor Caldwell

Triple Stumper
    $1000 29
(Louise: Who is Al Hirt?)

Pete Fountain

LouiseBernard
    $1000 24
Uranus

Bernard
    $1000 9
Suriname

Hank
    $1000 11
(Bernard: What is "Beware the day"?)

seize the day

HankBernard
    $1000 25
arachnophobia

Louise

Scores at the end of the Double Jeopardy! Round:

Louise Hank Bernard
$3,800 $9,300 $8,500

Final Jeopardy! Round responses

WEAPONS
(Alex: [Sees Bernard's response] Damn the torpedoes, full speed ahead. That's the full expression.)
(Alex: [As Hank's response is revealed] Retired Army officer. If he doesn't get this, he will be embarrassed.)
LouiseWhat were
$2,000
BernardWhat are torpedos
$1,500
HankWhat are torpedoes?
$3,700
torpedos

Final scores:

Louise Hank Bernard
$1,800 $13,000 $10,000
3rd place: $1,000 if eliminated Automatic semifinalist 2nd place: $1,000 if eliminated

Game dynamics:

Coryat scores:

Louise Hank Bernard
$3,800 $8,100 $7,300
13 R
(including 1 DD),
3 W
21 R
(including 1 DD),
0 W
19 R
(including 1 DD),
3 W

Combined Coryat: $19,200

[game clues] [game scores] [suggest correction]

Game tape date: 1990-02-26
The J! Archive is created by fans, for fans. Scraping, republication, monetization, and malicious use prohibited; this site may use cookies and collect identifying information. See terms. The Jeopardy! game show and all elements thereof, including but not limited to copyright and trademark thereto, are the property of Jeopardy Productions, Inc. and are protected under law. This website is not affiliated with, sponsored by, or operated by Jeopardy Productions, Inc. Join the discussion at JBoard.tv.